Autobusoví dopravcovia opäť naťahujú ruky
Autobusoví dopravcovia opäť žiadajú peniaze od štátu na vyrovnanie schodku z verejného záujmu v regionálnej autobusovej doprave. Rozdiely medzi nákladmi na výkony vo verejnom záujme a reálnymi tržbami z nich. Rozdiely medzi nákladmi autobusových dopravcov a rozpočtovými nákladmi. Právne kľučky. Dopr...
Salvato in:
| Autore principale: | |
|---|---|
| Natura: | Capitolo di libro |
| Lingua: | slovacco |
| Soggetti: | |
| Tags: |
Nessun Tag, puoi essere il primo ad aggiungerne!!
|
MARC
| LEADER | 00000naa$a2200000$$$4500 | ||
|---|---|---|---|
| 001 | 0041096 | ||
| 005 | 20231009083132.7 | ||
| 041 | 0 | |a slo | |
| 044 | |a SK | ||
| 245 | 1 | 0 | |a Autobusoví dopravcovia opäť naťahujú ruky |c Miro Sedlák |
| 520 | |a Autobusoví dopravcovia opäť žiadajú peniaze od štátu na vyrovnanie schodku z verejného záujmu v regionálnej autobusovej doprave. Rozdiely medzi nákladmi na výkony vo verejnom záujme a reálnymi tržbami z nich. Rozdiely medzi nákladmi autobusových dopravcov a rozpočtovými nákladmi. Právne kľučky. Dopravcovia žiadajú reformu nefunkčného systému a systémové riešenie problémov. | ||
| 610 | 2 | 0 | |a doprava autobusová |
| 610 | 2 | 0 | |a záujmy verejné |
| 610 | 2 | 0 | |a financie |
| 610 | 2 | 0 | |a regióny |
| 610 | 2 | 0 | |a náklady |
| 610 | 2 | 0 | |a zisk |
| 610 | 2 | 0 | |a reformy |
| 610 | 2 | 0 | |a legislatíva |
| 100 | 1 | |a Sedlák, Miro | |